000 00299nam a2200109Ia 4500
008 220624s9999 xx 000 0 und d
020 _a1 874820 68 6
082 _aSOT F ACHE
100 _aAchebe, Chinua
_91515
245 0 _aDI WELE MAKGOLELA
942 _cBK
_w561
_xJohn Tresidder
_y
_zCRON CRON
999 _c687038
_d687037